书目信息 |
| 题名: |
线性代数
|
|
| 作者: | 张永怀 编著 | |
| 分册: | ||
| 出版信息: | 西安 西安交通大学出版社 2010.04 |
|
| 页数: | 12, 128页 | |
| 开本: | 26cm | |
| 丛书名: | 数学考研新干线 | |
| 单 册: | ||
| 中图分类: | O151.2-42 | |
| 科图分类: | ||
| 主题词: | 线性代数--xian xing dai shu--研究生--入学考试--自学参考资料 | |
| 电子资源: | ||
| ISBN: | 978-7-5605-3460-2 | |
| 000 | 01109nam 2200277 450 | |
| 001 | 012011623802 | |
| 005 | 20110224103006.82 | |
| 010 | @a978-7-5605-3460-2@dCNY16.00 | |
| 100 | @a20110223d2010 em y0chiy0120 ea | |
| 101 | 0 | @achi |
| 102 | @aCN@b610000 | |
| 105 | @aa z 000yy | |
| 106 | @ar | |
| 200 | 1 | @a线性代数@Axian xing dai shu@e2011版@f张永怀编著@Fzhang yong huai |
| 205 | @a第4版 | |
| 210 | @a西安@c西安交通大学出版社@d2010.04 | |
| 215 | @a12, 128页@c图@d26cm | |
| 225 | 2 | @a数学考研新干线@Ashu xue kao yan xin gan xian |
| 330 | @a本书各章均包括考试内容讲解、常考题型解题方法与技巧、练习题及练习题答案与提示。不论是内容讲解,还是常考题型都特别注意各部分内容的联系与渗透,既注重介绍知识内容,又力图提高读者的应试水平。 | |
| 333 | @a本书既可作为考研基础、强化、冲刺等各阶段的参考书,也可作为非数学类专业的本、专科生的教学参考书。 | |
| 410 | 0 | @12001 @a数学考研新干线 |
| 606 | 0 | @a线性代数@Axian xing dai shu@x研究生@x入学考试@j自学参考资料 |
| 690 | @aO151.2-42@v4 | |
| 701 | 0 | @a张永怀@Azhang yong huai@4编著 |
| 801 | 0 | @aCN@bQSSK@c20110224 |
| 905 | @b791647-49@dO151.2-42@eZ232@f3 | |
| 线性代数:2011版/张永怀编著.-第4版.-西安:西安交通大学出版社,2010.04 |
| 12, 128页:图;26cm.-(数学考研新干线) |
| 使用对象:本书既可作为考研基础、强化、冲刺等各阶段的参考书,也可作为非数学类专业的本、专科生的教学参考书。 |
| ISBN 978-7-5605-3460-2:CNY16.00 |
| 本书各章均包括考试内容讲解、常考题型解题方法与技巧、练习题及练习题答案与提示。不论是内容讲解,还是常考题型都特别注意各部分内容的联系与渗透,既注重介绍知识内容,又力图提高读者的应试水平。 |
| ● |
| 相关链接 |
|
|
|
正题名:线性代数
索取号:O151.2-42/Z232
 
预约/预借
| 序号 | 登录号 | 条形码 | 馆藏地/架位号 | 状态 | 备注 |
| 1 | 791647 | 207916479 | 自科库401/ [索取号:O151.2-42/Z232] | 在馆 | |
| 2 | 791648 | 207916488 | 自科库401/401自科库 71排2列5层/ [索取号:O151.2-42/Z232] | 在馆 | |
| 3 | 791649 | 207916497 | 自科库401/401自科库 71排2列5层/ [索取号:O151.2-42/Z232] | 在馆 |